Normal view
MARC view
- Boehm, W, Prautzsch, H
Entry Personal Name
001 - CONTROL NUMBER
- control field: 62013
003 - CONTROL NUMBER IDENTIFIER
- control field: NUST
005 - DATE AND TIME OF LATEST TRANSACTION
- control field: 20210628202848.0
008 - FIXED-LENGTH DATA ELEMENTS
- fixed length control field: 210628|| aca||aabn | a|a d
040 ## - CATALOGING SOURCE
- Original cataloging agency: NUST
- Transcribing agency: NUST
100 ## - HEADING--PERSONAL NAME
- Personal name: Boehm, W, Prautzsch, H
670 ## - SOURCE DATA FOUND
- Source citation: Work cat.: (NUST): Boehm, W, Prautzsch, H, Numerical methods, 2003
